[Event "Styrian op U08/12 27th"]
[Site "Mureck"]
[Date "2021.08.09"]
[Round "6"]
[White "Kaljikovic, Benjamin"]
[Black "Baurecht, Roman"]
[Result "0-1"]
[WhiteElo "800"]
[BlackElo "1177"]
[PlyCount "62"]
[EventDate "2021.08.04"]
[EventType "swiss"]
[EventRounds "9"]
[EventCountry "AUT"]
[SourceTitle "EXT 2022"]
[Source "ChessBase"]
[SourceDate "2021.10.06"]
[SourceVersion "1"]
[SourceVersionDate "2021.10.06"]
[SourceQuality "1"]

1. e4 c5 2. Nf3 d6 3. Bc4 Nc6 4. Nc3 g6 5. b3 Bg7 6. Bb2 a6 7. Bd3 b5 8. Nd5 Bxb2 9. Rb1 Bg7 10. a4 Bb7 11. axb5 axb5 12. Bxb5 e6 13. Nc3 Nge7 14. 0-0 0-0 15. Na4 Nd4 16. Nxd4 Bxd4 17. c3 Bg7 18. d4 cxd4 19. cxd4 Bxe4 20. Rc1 Rc8 21. Ba6 Rxc1 22. Qxc1 Qa8 23. Bb5 Bxg2 24. Re1 Bh3 25. d5 Qxd5 26. Bf1 Bxf1 27. Kxf1 Qxb3 28. Qc7 Qxa4 29. Qxe7 d5 30. Qd6 Ra8 31. Rb1 Qa6+ 0-1

[Event "Styrian op U08/12 27th"]
[Site "Mureck"]
[Date "2021.08.08"]
[Round "5"]
[White "Braun, Raban"]
[Black "Kaljikovic, Benjamin"]
[Result "1-0"]
[WhiteElo "800"]
[BlackElo "800"]
[PlyCount "75"]
[EventDate "2021.08.04"]
[EventType "swiss"]
[EventRounds "9"]
[EventCountry "AUT"]
[SourceTitle "EXT 2022"]
[Source "ChessBase"]
[SourceDate "2021.10.06"]
[SourceVersion "1"]
[SourceVersionDate "2021.10.06"]
[SourceQuality "1"]

1. e4 e5 2. Nf3 Nc6 3. Bc4 Nf6 4. Ng5 Be7 5. Nxf7 Kf8 6. Nxd8 Nxd8 7. Nc3 c6 8. 0-0 b5 9. Bb3 Nb7 10. d3 Na5 11. Be3 b4 12. Na4 Nxb3 13. cxb3 Ne8 14. Qf3+ Bf6 15. Bc5+ d6 16. Bxb4 c5 17. Ba5 Ba6 18. b4 c4 19. dxc4 Bxc4 20. Rac1 Be6 21. Rfd1 Rd8 22. Nc3 h5 23. Bxd8 Bg4 24. Qd3 Bxd1 25. Rxd1 Bxd8 26. Qf3+ Kg8 27. Nd5 Nc7 28. Nxc7 Bxc7 29. Rc1 Bd8 30. Rc8 Kh7 31. Qf5+ g6 32. Qf7+ Kh6 33. a4 Rh7 34. Qf8+ Kg5 35. g3 Kg4 36. Kg2 Bc7 37. f3+ Kg5 38. h4# 1-0

[Event "Styrian op U08/12 27th"]
[Site "Mureck"]
[Date "2021.08.04"]
[Round "1"]
[White "Poetscher, Katharina"]
[Black "Kaljikovic, Benjamin"]
[Result "1-0"]
[WhiteElo "998"]
[BlackElo "800"]
[PlyCount "37"]
[EventDate "2021.08.04"]
[EventType "swiss"]
[EventRounds "9"]
[EventCountry "AUT"]
[SourceTitle "EXT 2022"]
[Source "ChessBase"]
[SourceDate "2021.10.06"]
[SourceVersion "1"]
[SourceVersionDate "2021.10.06"]
[SourceQuality "1"]

1. e4 e5 2. Nf3 Nc6 3. d4 d5 4. exd5 exd4 5. dxc6 Qe7+ 6. Qe2 Be6 7. cxb7 Rb8 8. Bg5 Qb4+ 9. Nbd2 Qxb2 10. Qb5+ Bd7 11. Qxb2 f6 12. Bf4 Kf7 13. Bxc7 Re8+ 14. Be2 d3 15. cxd3 Bg4 16. b8Q Ne7 17. Q2b3+ Be6 18. Qxe8+ Kg8 19. Qxe6# 1-0